| 000 | 00363nam a2200145Ia 4500 | ||
|---|---|---|---|
| 005 | 20240814115834.0 | ||
| 008 | 240813s9999||||xx |||||||||||||| ||und|| | ||
| 082 | _a551.4 HOR | ||
| 100 | _aHorrocks, N.K. | ||
| 245 | 0 | _aPhysical geography and climatology | |
| 260 |
_aLondon _bLongmans _c1965 |
||
| 300 | _a370p | ||
| 650 | _aEarth sciences (Geology) | ||
| 942 | _cBK | ||
| 999 |
_c3740 _d3740 |
||